| 000 | 00821cam a22002535a 4500 | ||
|---|---|---|---|
| 005 | 20240228161342.0 | ||
| 008 | 240228s2008 xxk f 000 0 eng d | ||
| 020 | _a9780418847909 | ||
| 041 | 0 | _aeng | |
| 050 | 0 | 4 | _a692.8 $2 18 |
| 110 | 2 |
_aJoint Contracts Tribunal _93664 |
|
| 240 | _aMBC 2008 | ||
| 245 | 0 | 0 |
_aManagement building contract guide _bMC/G |
| 246 | _aMC/G | ||
| 260 |
_aLondon _bSweet and Maxwell _c2008 |
||
| 300 |
_aii, 51p. _c30cm. |
||
| 490 | 0 | _aJCT Contracts 2008 | |
| 521 | 2 | _aAdvanced | |
| 650 | 2 | 4 | _aJCT MANAGEMENT WORKS CONTRACT CONDITIONS (2008 EDITION) |
| 650 | 2 | 4 | _aJCT MANAGEMENT BUILDING CONTRACT (2008 EDITION) |
| 651 | 4 | _aUnited Kingdom | |
| 690 | _aBUILT ENVIRONMENT-BUILDING CONTRACT FORMS-STANDARD FORMS OF BUILDING CONTRACT-JOINT CONTRACTS TRIBUNAL CONTRACTS | ||
| 942 | _n0 | ||
| 999 |
_c121814 _d121814 |
||